Ba từ kỳ lạ nhất /

Guardado en:
Detalles Bibliográficos
Autor principal: Szymborska, Wislawa.
Otros Autores: Lâm Quang Mỹ (Dịch.)
Formato: Artículo
Lenguaje:Vietnamese
Materias:
Etiquetas: Agregar Etiqueta
Sin Etiquetas, Sea el primero en etiquetar este registro!
Thư viện lưu trữ: Thư viện Trường Đại học Đà Lạt
LEADER 00780nam a2200277 4500
001 DLU120143608
005 ##20121107
040 # # |a DLU  |b vie 
041 # # |a vie 
044 # # |a vn 
100 # # |a Szymborska, Wislawa. 
245 # # |a Ba từ kỳ lạ nhất /  |c Wislawa Szymborska, Lâm Quang Mỹ dịch. 
653 # # |a Hiện thực 
653 # # |a Quá khứ 
653 # # |a Tương lai 
700 # # |a Lâm Quang Mỹ,   |e Dịch. 
773 # # |t Văn học nước ngoài  |g Số 7(103), 2011, tr. 64 
920 # # |a Phòng Tạp chí -- Trung tâm Thông tin - Thư viện Trường Đại học Đà Lạt 
994 # # |a DLU 
900 # # |a True 
911 # # |a Nguyễn Thị Linh Chi 
925 # # |a G 
926 # # |a A 
927 # # |a BB 
980 # # |a Thư viện Trường Đại học Đà Lạt